000 01082nam a22003017a 4500
003 CHAP
005 20220329141038.0
008 971013s1986 r 00010 d
010 _a61790
011 _a62762
035 _a66937
040 _cCHAP
090 _aFolleto 14785
110 _aMéxico. Secretaría de Agricultura y Recursos Hidráulicos. Delegación General en el Estado de Guanajuato
_977127
245 _aInforme de la campaña realizada contra el barrenador pequeño del hueso del aguacate (Conotrachelus sp.)- Los municipios de Comonfort y Celaya, Gto.
260 _aCelaya, Gto. :
_bLa Delegación,
_c1986
300 _a15 h.
_b: ilus. ; mapa
500 _aFotocopia
590 _aBATCH-UPD
_b10
_c20130110
_lUCH01
_h0455
590 _aBATCH-UPD
_b10
_c20130110
_lUCH01
_h2319
590 _aCONVERSION
_b10
_c20130109
_lUCH01
_h1333
650 1 4 _aAguacate
_xGuanajuato.
_92521
650 1 4 _aAguacate
_xPlagas.
_92543
650 1 4 _aConotrachelus aguacatae.
_927253
901 _aBK
942 _cFOLL
949 _aFolleto 14785
_bBC
_cFOLL
_d-152176
_eTS1
_i66937
_si
999 _c61790
_d61790